000 00806nam a2200229 b 4500
003 OSt
005 20140821213003.0
008 090113s2006 mex ||| ||spa c
020 _a970-729-207-5
040 _aBR-MU
_cBMC
082 _a612
100 1 _98074
_aGanong, William F.
_d1924-2007
245 1 0 _aFisiología médica
_cWilliam F. Ganong ; traducción, Mario Alejandro Castellanos Urdaibay ; editor responsable, Martín Martínez Moreno
250 _a20ª ed
260 _aMéxico, D.F. [etc.]
_bMcGraw-HIll
_c2006
300 _aX, 714 p.
_bil., gráf.
_c29 cm
595 _aTraducción de : Review of medical physiology, 22th ed.
650 2 4 _aFisiología humana
_9580
700 1 _98073
_aCastellanos Urdaibay, Mario Alejandro
700 1 _98082
_aMartínez Moreno, Martín
942 _2ddc
_cBK
999 _c3504
_d3504